LDR 00967naa#a2200193#i#450# 001 RU\\bibl\124619 005 20260607012039.7 011 ## _a2073-1574 100 ## _a20260529b2026####ek#y0rusy0150####ca 102 ## _aRU 200 1# _aРазработка компьютерной системы для расчета параметров морского волнения и потери скорости судна _eЖурнальная статья 210 1# _aАстрахань _cАстраханский государственный технический университет _d2026 215 ## _a7 с. 608 ## _aЖурнальная статья _2local 675 ## _aПлавание в море (судовождение). 656.61.052 _z 700 #1 _aЖеретинцев _gИлья Алексеевич 700 #1 _aГлушков _gСергей Витальевич 700 #1 _aЖеретинцева _gНаталья Николаевна 856 4# _avestnik.astu.org _u